Sborník geologických věd. A, Antropozoikum
| Korporativní autor: | Český geologický ústav |
|---|---|
| Další autoři: | Ústřední ústav geologický |
| Jazyk: | Němčina Slovenština Čeština Angličtina |
| Vydáno: |
Praha : Československá akademie věd, 1963-^^^^^ |
| Témata: | |
| Fyzický popis: |
^^^sv. ; 29 cm |
| Odebírané ročníky: |
1963- |
| Odebírané svazky: |
1- |
| LEADER | 04980nas a22007212a 4500 | ||
|---|---|---|---|
| 001 | 000152849 | ||
| 003 | CZ BrMZK | ||
| 005 | 20150416134251.0 | ||
| 008 | 010907c19639999xr x p cze d | ||
| 015 | |a cnb000838966 |z cnb000432832 | ||
| 022 | |a 0036-5270 | ||
| 035 | |a (OCoLC)1924277 | ||
| 040 | |a BOA001 |b cze | ||
| 041 | 1 | |a cze |a slo |a eng |a ger | |
| 080 | |a 551.79(05) |2 MRF | ||
| 210 | 1 | |a Sb. geol. Věd, Antropozoikum | |
| 222 | 0 | |a Sborník geologických věd. Antropozoikum | |
| 245 | 0 | 0 | |a Sborník geologických věd. |n A, |p Antropozoikum |
| 246 | 3 | |a Journal of geological sciences | |
| 246 | 3 | 1 | |a Antropozoikum |
| 260 | |a Praha : |b Československá akademie věd, |c 1963-^^^^^ | ||
| 300 | |a ^^^sv. ; |c 29 cm | ||
| 310 | |a Nepravidelně | ||
| 362 | 0 | |a Sv. 1, č. 1 (1963), 1963 | |
| 500 | |a Vydav. od sv. [6?] (1971): Ústřední ústav geologický v nakl. Academia. - Vydav. od sv. 21 (1994): Český geologický ústav | ||
| 500 | |a Jednotlivé svazky mají i vlastní ISBN | ||
| 541 | |c pv-r | ||
| 653 | 0 | |a čtvrtohory | |
| 710 | 2 | |a Český geologický ústav |7 kn20010725062 | |
| 710 | 2 | |a Ústřední ústav geologický |7 kn20010725011 | |
| 902 | |a 80-7075-613-6 |q (2004) | ||
| 902 | |a 80-7075-656-X |q (2006) | ||
| 902 | |a 978-80-7075-761-1 |q (2011) | ||
| 910 | |a BOA001 |b 03337-0485.329,A |r 1963- |s 1- | ||
| 964 | |a Čtvrtohory |x časopisy | ||
| 990 | |a SE | ||
| 996 | 6 | |b 2610059081 |c 03337-0485.329,A |d 1994 21 |v 21 |y 1994 |l MZK |r Sklad / do 1 hodiny |n 0 |p p.v. |w 000152849 |u 000090 |a 1 |e BOA001 |j MZK50 |s P | |
| 996 | 6 | |b 2610059082 |c 03337-0485.329,A |d 1995 22 |v 22 |y 1995 |l MZK |r Sklad / do 1 hodiny |n 2 |p p.v. |w 000152849 |u 000100 |a 1 |e BOA001 |j MZK50 |s P | |
| 996 | 6 | |b 2610095782 |c 03337-0485.329,A |d 1999 23 |v 23 |y 1999 |l MZK |r Sklad / do 1 hodiny |n 1 |p p.v. |w 000152849 |u 000110 |a 1 |e BOA001 |j MZK50 |s P | |
| 996 | 6 | |b 2610123653 |c 03337-0485.329,A |d 2000 24 |v 24 |y 2000 |l MZK |r Sklad / do 1 hodiny |n 7 |p p.v. |w 000152849 |u 000120 |a 1 |e BOA001 |j MZK50 |s P | |
| 996 | 6 | |b 2610218946 |c 03337-0485.329,A |d 2004 25 |v 25 |y 2004 |l MZK |r Sklad / do 1 hodiny |n 2 |p p.v. |w 000152849 |u 000280 |a 1 |e BOA001 |j MZK50 |s P | |
| 996 | 6 | |b 2610300383 |c 03337-0485.329,A |d 2006 26 |v 26 |y 2006 |l MZK |r Sklad / do 1 hodiny |n 2 |p p.v. |w 000152849 |u 000290 |a 1 |e BOA001 |j MZK50 |s P | |
| 996 | 6 | |b 2610481856 |c 03337-0485.329,A |d 2011 27 |v 27 |y 2011 |l MZK |r Sklad / do 1 hodiny |n 0 |p p.v. |w 000152849 |u 000300 |a 1 |e BOA001 |j MZK50 |s P | |
| 996 | 6 | |b 2619691261 |c 03337-0485.329,A |d 1991 20 |v 20 |y 1991 |l MZK |r Sklad / do 1 hodiny |n 0 |w 000152849 |u 000270 |a 1 |e BOA001 |j MZK50 |s P | |
| 996 | 6 | |b 2619691262 |c 03337-0485.329,A |d 1989 19 |v 19 |y 1989 |l MZK |r Sklad / do 1 hodiny |n 0 |w 000152849 |u 000260 |a 1 |e BOA001 |j MZK50 |s P | |
| 996 | 6 | |b 2619691263 |c 03337-0485.329,A |d 1987 18 |v 18 |y 1987 |l MZK |r Sklad / do 1 hodiny |n 1 |w 000152849 |u 000250 |a 1 |e BOA001 |j MZK50 |s P | |
| 996 | 6 | |b 2619691264 |c 03337-0485.329,A |d 1986 17 |v 17 |y 1986 |l MZK |r Sklad / do 1 hodiny |n 2 |w 000152849 |u 000240 |a 1 |e BOA001 |j MZK50 |s P | |
| 996 | 6 | |b 2619691265 |c 03337-0485.329,A |d 1985 16 |v 16 |y 1985 |l MZK |r Sklad / do 1 hodiny |n 3 |w 000152849 |u 000230 |a 1 |e BOA001 |j MZK50 |s P | |
| 996 | 6 | |b 2619691266 |c 03337-0485.329,A |d 1983 15 |v 15 |y 1983 |l MZK |r Sklad / do 1 hodiny |n 0 |w 000152849 |u 000220 |a 1 |e BOA001 |j MZK50 |s P | |
| 996 | 6 | |b 2619691267 |c 03337-0485.329,A |d 1980 14 |v 14 |y 1980 |l MZK |r Sklad / do 1 hodiny |n 2 |w 000152849 |u 000210 |a 1 |e BOA001 |j MZK50 |s P | |
| 996 | 6 | |b 2619691268 |c 03337-0485.329,A |d 1979 12 |v 12 |y 1979 |l MZK |r Sklad / do 1 hodiny |n 1 |w 000152849 |u 000200 |a 1 |e BOA001 |j MZK50 |s P | |
| 996 | 6 | |b 2619691269 |c 03337-0485.329,A |d 1977 11 |v 11 |y 1977 |l MZK |r Sklad / do 1 hodiny |n 2 |w 000152849 |u 000190 |a 1 |e BOA001 |j MZK50 |s P | |
| 996 | 6 | |b 2619691270 |c 03337-0485.329,A |d 1974 10 |v 10 |y 1974 |l MZK |r Sklad / do 1 hodiny |n 0 |w 000152849 |u 000180 |a 1 |e BOA001 |j MZK50 |s P | |
| 996 | 6 | |b 2619691271 |c 03337-0485.329,A |d 1973 9 |v 9 |y 1973 |l MZK |r Sklad / do 1 hodiny |n 0 |w 000152849 |u 000170 |a 1 |e BOA001 |j MZK50 |s P | |
| 996 | 6 | |b 2619691272 |c 03337-0485.329,A |d 1972 8 |v 8 |y 1972 |l MZK |r Sklad / do 1 hodiny |n 1 |w 000152849 |u 000160 |a 1 |e BOA001 |j MZK50 |s P | |
| 996 | 6 | |b 2619691273 |c 03337-0485.329,A |d 1967 4 |v 4 |y 1967 |l MZK |r Sklad / do 1 hodiny |n 3 |w 000152849 |u 000150 |a 1 |e BOA001 |j MZK50 |s P | |
| 996 | 6 | |b 2619691274 |c 03337-0485.329,A |d 1965 3 |v 3 |y 1965 |l MZK |r Sklad / do 1 hodiny |n 0 |w 000152849 |u 000140 |a 1 |e BOA001 |j MZK50 |s P | |
| 996 | 6 | |b 2619725270 |c 03337-0485.329,A |d 1968 5 |v 5 |y 1968 |l MZK |r Sklad / do 1 hodiny |n 0 |w 000152849 |u 000030 |a 1 |e BOA001 |j MZK50 |s P | |
| 996 | 6 | |b 2619725271 |c 03337-0485.329,A |d 1971 6 |v 6 |y 1971 |l MZK |r Sklad / do 1 hodiny |n 0 |w 000152849 |u 000040 |a 1 |e BOA001 |j MZK50 |s P | |
| 996 | 6 | |b 2619735351 |c 03337-0485.329,A |d 1980 13 |v 13 |y 1980 |l MZK |r Sklad / do 1 hodiny |n 3 |w 000152849 |u 000130 |a 1 |e BOA001 |j MZK50 |s P | |
| 996 | 6 | |b 2619744670 |c 03337-0485.329,A |d 1964 2 |v 2 |y 1964 |l MZK |r Sklad / do 1 hodiny |n 1 |w 000152849 |u 000020 |a 1 |e BOA001 |j MZK50 |s P | |
| 996 | 6 | |b 2619745898 |c 03337-0485.329,A |d 1971 7 |v 7 |y 1971 |l MZK |r Sklad / do 1 hodiny |n 0 |w 000152849 |u 000050 |a 1 |e BOA001 |j MZK50 |s P | |
| 996 | 6 | |b 2619930887 |c 03337-0485.329,A |d 1963 1 |v 1 |y 1963 |l MZK |r Sklad / do 1 hodiny |n 1 |w 000152849 |u 000010 |a 1 |e BOA001 |j MZK50 |s P | |
English
Čeština 